| 000 -LEADER |
| fixed length control field |
00941nam a22001817a 4500 |
| 005 - DATE AND TIME OF LATEST TRANSACTION |
| control field |
20260127154256.0 |
| 008 - FIXED-LENGTH DATA ELEMENTS--GENERAL INFORMATION |
| fixed length control field |
230721b ||||| |||| 00| 0 eng d |
| 040 ## - CATALOGING SOURCE |
| Transcribing agency |
SSBUL |
| Modifying agency |
SSBUL |
| 082 ## - DEWEY DECIMAL CLASSIFICATION NUMBER |
| Edition number |
23 |
| Classification number |
၉၂၉.၉၂ ကြည် ၁၆၀၂၉ (S-SAT) |
| 100 ## - MAIN ENTRY--PERSONAL NAME |
| Personal name |
ကြည်မာ၊ |
| Fuller form of name |
တက္ကသိုလ်။ |
| 9 (RLIN) |
28208 |
| 245 ## - TITLE STATEMENT |
| Title |
မြန်မာနိုင်ငံတော်အလံ / |
| Statement of responsibility, etc. |
တက္ကသိုလ်ကြည်မာ။ |
| 260 ## - PUBLICATION, DISTRIBUTION, ETC. |
| Place of publication, distribution, etc. |
ရန်ကုန်၊ |
| Name of publisher, distributor, etc. |
စာပေဗိမာန်၊ |
| Date of publication, distribution, etc. |
၁၉၇၀။ |
| 300 ## - PHYSICAL DESCRIPTION |
| Extent |
၆၄ စာမျက်နှာ၊ |
| Other physical details |
ရုပ်ပုံများ၊ |
| Dimensions |
၁၈ စင်တီ။ |
| 440 ## - SERIES STATEMENT/ADDED ENTRY--TITLE |
| Title |
စာပေဗိမာန်ထုတ်ပြည်သူ့လက်စွဲစာစဉ်။ |
| 9 (RLIN) |
27757 |
| 500 ## - GENERAL NOTE |
| General note |
S-SAT: Dr. Prof Sai Aung Tun |
| 650 ## - SUBJECT ADDED ENTRY--TOPICAL TERM |
| Topical term or geographic name entry element |
အလံများ |
| Geographic subdivision |
မြန်မာနိုင်ငံ။ |
| 9 (RLIN) |
28209 |
| 942 ## - ADDED ENTRY ELEMENTS (KOHA) |
| Source of classification or shelving scheme |
|
| Koha item type |
Book (Short term) |